000 00411nam a2200133Ia 4500
008 100328s9999 xx 000 0 und d
082 _b25458
100 _aअंशुल
245 _aममता की प्यास
260 _bडायमंड पॅाकेट बुक्स
630 _aममता की प्यास
730 _aममता की प्यास
942 _cBOOK
999 _c518316
_d518313